<?xml version="1.0" encoding="UTF-8"?>
<collection xmlns="http://www.loc.gov/MARC21/slim">
<record>
  <controlfield tag="001">106932</controlfield>
  <controlfield tag="005">20210909132520.0</controlfield>
  <datafield tag="037" ind1=" " ind2=" ">
    <subfield code="a">TAZ-TFG-2021-1980</subfield>
  </datafield>
  <datafield tag="041" ind1=" " ind2=" ">
    <subfield code="a">spa</subfield>
  </datafield>
  <datafield tag="100" ind1="1" ind2=" ">
    <subfield code="a">Pérez Rey, Jorge</subfield>
  </datafield>
  <datafield tag="242" ind1="0" ind2="0">
    <subfield code="a">Effects of an Exercise Program on Coordination, Motor Control and Reading Ability in Dyslexic Children.  A Case Series</subfield>
  </datafield>
  <datafield tag="245" ind1="0" ind2="0">
    <subfield code="a">Efectos de un programa de ejercicios en la coordinación, control motor y habilidad lectora en niños/as disléxicos. Serie de casos</subfield>
  </datafield>
  <datafield tag="260" ind1=" " ind2=" ">
    <subfield code="a">Zaragoza</subfield>
    <subfield code="b">Universidad de Zaragoza</subfield>
    <subfield code="c">2021</subfield>
  </datafield>
  <datafield tag="506" ind1=" " ind2=" ">
    <subfield code="a">by-nc-sa</subfield>
    <subfield code="b">Creative Commons</subfield>
    <subfield code="c">3.0</subfield>
    <subfield code="u">http://creativecommons.org/licenses/by-nc-sa/3.0/</subfield>
  </datafield>
  <datafield tag="520" ind1=" " ind2=" ">
    <subfield code="a">Introducción&lt;br />La dislexia es un trastorno del aprendizaje que tiene una prevalencia entre el 5% y el 10 % en España. Existe una relación entre el aspecto cognitivo y el aspecto motor que se pone de manifiesto en los niños/as disléxicos por déficits de coordinación, control motor y equilibrio, producidos por una falta de integración de inputs por parte del cerebelo. La terapia a través de movimientos rítmicos (RMT) parece mejorar no solo los déficits motores en niños/as disléxicos sino las habilidades educativas. El objetivo del presente estudio fue aplicar un programa de ejercicios basados en la RMT y analizar los efectos en la coordinación, control motor y habilidad lectora en niños/as con diagnóstico de dislexia.&lt;br />Metodología&lt;br />Se realizó un estudio de intervención intra sujeto de serie de casos (n=6) prospectivo, longitudinal y descriptivo. Se realizaron pruebas que valoraban el control motor, el equilibrio, la coordinación, la habilidad lectora y los reflejos primitivos tónico asimétrico del cuello (ATNR), tónico simétrico del cuello (STNR), tónico laberíntico (TLR). Se pautó un programa de ejercicios domiciliarios de 11 semanas basado en la RMT y se realizó una valoración post intervención.&lt;br />Resultados&lt;br />Se encontraron mejorías en el equilibrio y en la habilidad lectora, así como una negativización de varios reflejos primitivos. No se encontraron diferencias estadísticamente significativas en el control motor y coordinación. Las madres de los participantes mostraron un elevado grado de satisfacción con el estudio.&lt;br />Conclusión&lt;br />El programa de ejercicios basados en la RMT es eficaz para la mejora del equilibrio y de la habilidad lectora en niños disléxicos.&lt;br />&lt;br /></subfield>
  </datafield>
  <datafield tag="521" ind1=" " ind2=" ">
    <subfield code="a">Graduado en Fisioterapia</subfield>
  </datafield>
  <datafield tag="540" ind1=" " ind2=" ">
    <subfield code="a">Derechos regulados por licencia Creative Commons</subfield>
  </datafield>
  <datafield tag="700" ind1=" " ind2=" ">
    <subfield code="a">Comín Comín, Magdalena Pilar.</subfield>
    <subfield code="e">dir.</subfield>
  </datafield>
  <datafield tag="700" ind1=" " ind2=" ">
    <subfield code="a">Gil Calvo, Marina.</subfield>
    <subfield code="e">dir.</subfield>
  </datafield>
  <datafield tag="710" ind1="2" ind2=" ">
    <subfield code="a">Universidad de Zaragoza</subfield>
    <subfield code="b">Fisiatría y Enfermería</subfield>
    <subfield code="c">Fisioterapia</subfield>
  </datafield>
  <datafield tag="856" ind1="0" ind2=" ">
    <subfield code="f">429952@unizar.es</subfield>
  </datafield>
  <datafield tag="856" ind1="4" ind2=" ">
    <subfield code="s">1131538</subfield>
    <subfield code="u">http://zaguan.unizar.es/record/106932/files/TAZ-TFG-2021-1980.pdf</subfield>
    <subfield code="y">Memoria (spa)</subfield>
  </datafield>
  <datafield tag="909" ind1="C" ind2="O">
    <subfield code="o">oai:zaguan.unizar.es:106932</subfield>
    <subfield code="p">driver</subfield>
    <subfield code="p">trabajos-fin-grado</subfield>
  </datafield>
  <datafield tag="950" ind1=" " ind2=" ">
    <subfield code="a"></subfield>
  </datafield>
  <datafield tag="980" ind1=" " ind2=" ">
    <subfield code="a">TAZ</subfield>
    <subfield code="b">TFG</subfield>
    <subfield code="c">EUCS</subfield>
  </datafield>
  <datafield tag="999" ind1=" " ind2=" ">
    <subfield code="a">20210621174922.CREATION_DATE</subfield>
  </datafield>
  <datafield tag="951" ind1=" " ind2=" ">
    <subfield code="a">deposita:2021-09-09</subfield>
  </datafield>
</record>
</collection>